<?xml version="1.0" encoding="UTF-8"?>
<collection xmlns="http://www.loc.gov/MARC21/slim">
    <record>
        <controlfield tag="001">88317</controlfield>
        <controlfield tag="005">20210126093425.0</controlfield>
        <datafield tag="024" ind1="7" ind2=" ">
            <subfield code="2">doi</subfield>
            <subfield code="a">10.1016/j.memsci.2019.03.076</subfield>
        </datafield>
        <datafield tag="024" ind1="8" ind2=" ">
            <subfield code="2">sideral</subfield>
            <subfield code="a">112209</subfield>
        </datafield>
        <datafield tag="037" ind1=" " ind2=" ">
            <subfield code="a">ART-2019-112209</subfield>
        </datafield>
        <datafield tag="041" ind1=" " ind2=" ">
            <subfield code="a">eng</subfield>
        </datafield>
        <datafield tag="100" ind1=" " ind2=" ">
            <subfield code="a">Castro-Muñoz, Roberto</subfield>
        </datafield>
        <datafield tag="245" ind1=" " ind2=" ">
            <subfield code="a">Towards the dehydration of ethanol using pervaporation cross-linked poly (vinyl alcohol)/graphene oxide membranes</subfield>
        </datafield>
        <datafield tag="260" ind1=" " ind2=" ">
            <subfield code="c">2019</subfield>
        </datafield>
        <datafield tag="506" ind1="0" ind2=" ">
            <subfield code="a">Access copy available to the general public</subfield>
            <subfield code="f">Unrestricted</subfield>
        </datafield>
        <datafield tag="520" ind1="3" ind2=" ">
            <subfield code="a">Highly hydrophilic inorganic material graphene oxide (GO) was successfully prepared and incorporated into a cross-linked poly(vinyl alcohol) (PVA) matrix. The obtained mixed matrix membranes (MMMs) have been used for the dehydration of ethanol (10: 90% water-ethanol) by pervaporation (PV), monitoring their performance in terms of total permeate flux, partial components fluxes, as well as their separation factor. The effect of filler was analyzed by doubling the GO content (at 0.5, 1.0, and 2.0 wt%) in the MMMs. A complete analysis of the operating temperature (between 40 and 70 degrees C) was carried out by means of Arrhenius relationship. Moreover, the membranes were characterized by field emission scanning electron microscopy (FESEM), transmission electron microscopy (TEM), differential scanning calorimetry (DSC), thermo-gravimetric analysis (TGA), X-ray diffraction (XRD), Fourier transformed infrared spectroscopy (FTIR), measurements of degree of swelling (uptake), water contact angle (CA) and mechanical properties. At 40 degrees C, the best performance was provided by the MMMs containing 1 wt% GO, showing a separation factor of 263 and a permeate flux of about 0.137 kg m(-2) h(-1) (in which 0.133 kg m(-2) h(-1) corresponds to water). This represents a 75% enhancement of the original permeation rate of pristine cross-linked PVA membranes. Taking into account the promising results, it is likely that these MMMs will provide featured benefits in green processes, e.g. ethanol purification by means of less-energy consumption.</subfield>
        </datafield>
        <datafield tag="536" ind1=" " ind2=" ">
            <subfield code="9">info:eu-repo/grantAgreement/ES/DGA/T43-17R</subfield>
            <subfield code="9">info:eu-repo/grantAgreement/EUR/ERASMUS/EUDIME-2011-0014</subfield>
            <subfield code="9">info:eu-repo/grantAgreement/ES/MINECO-FEDER/MAT2016-77290-R</subfield>
        </datafield>
        <datafield tag="540" ind1=" " ind2=" ">
            <subfield code="9">info:eu-repo/semantics/openAccess</subfield>
            <subfield code="a">by-nc-nd</subfield>
            <subfield code="u">http://creativecommons.org/licenses/by-nc-nd/3.0/es/</subfield>
        </datafield>
        <datafield tag="590" ind1=" " ind2=" ">
            <subfield code="a">7.183</subfield>
            <subfield code="b">2019</subfield>
        </datafield>
        <datafield tag="592" ind1=" " ind2=" ">
            <subfield code="a">1.898</subfield>
            <subfield code="b">2019</subfield>
        </datafield>
        <datafield tag="591" ind1=" " ind2=" ">
            <subfield code="a">POLYMER SCIENCE</subfield>
            <subfield code="b">3 / 89 = 0.034</subfield>
            <subfield code="c">2019</subfield>
            <subfield code="d">Q1</subfield>
            <subfield code="e">T1</subfield>
        </datafield>
        <datafield tag="593" ind1=" " ind2=" ">
            <subfield code="a">Biochemistry</subfield>
            <subfield code="c">2019</subfield>
            <subfield code="d">Q1</subfield>
        </datafield>
        <datafield tag="591" ind1=" " ind2=" ">
            <subfield code="a">ENGINEERING, CHEMICAL</subfield>
            <subfield code="b">10 / 143 = 0.07</subfield>
            <subfield code="c">2019</subfield>
            <subfield code="d">Q1</subfield>
            <subfield code="e">T1</subfield>
        </datafield>
        <datafield tag="593" ind1=" " ind2=" ">
            <subfield code="a">Physical and Theoretical Chemistry</subfield>
            <subfield code="c">2019</subfield>
            <subfield code="d">Q1</subfield>
        </datafield>
        <datafield tag="593" ind1=" " ind2=" ">
            <subfield code="a">Materials Science (miscellaneous)</subfield>
            <subfield code="c">2019</subfield>
            <subfield code="d">Q1</subfield>
        </datafield>
        <datafield tag="593" ind1=" " ind2=" ">
            <subfield code="a">Filtration and Separation</subfield>
            <subfield code="c">2019</subfield>
            <subfield code="d">Q1</subfield>
        </datafield>
        <datafield tag="655" ind1=" " ind2="4">
            <subfield code="a">info:eu-repo/semantics/article</subfield>
            <subfield code="v">info:eu-repo/semantics/acceptedVersion</subfield>
        </datafield>
        <datafield tag="700" ind1=" " ind2=" ">
            <subfield code="0">(orcid)0000-0002-0542-6604</subfield>
            <subfield code="a">Buera-Gonzalez, Juan</subfield>
        </datafield>
        <datafield tag="700" ind1=" " ind2=" ">
            <subfield code="0">(orcid)0000-0003-0297-3503</subfield>
            <subfield code="a">Iglesia, Óscar de la</subfield>
        </datafield>
        <datafield tag="700" ind1=" " ind2=" ">
            <subfield code="a">Galiano, Francesco</subfield>
        </datafield>
        <datafield tag="700" ind1=" " ind2=" ">
            <subfield code="a">Fila, Vlastimil</subfield>
        </datafield>
        <datafield tag="700" ind1=" " ind2=" ">
            <subfield code="0">(orcid)0000-0001-9595-0831</subfield>
            <subfield code="a">Malankowska, Magdalena</subfield>
            <subfield code="u">Universidad de Zaragoza</subfield>
        </datafield>
        <datafield tag="700" ind1=" " ind2=" ">
            <subfield code="a">Rubio, César</subfield>
        </datafield>
        <datafield tag="700" ind1=" " ind2=" ">
            <subfield code="a">Figoli, Alberto</subfield>
        </datafield>
        <datafield tag="700" ind1=" " ind2=" ">
            <subfield code="0">(orcid)0000-0002-4954-1188</subfield>
            <subfield code="a">Tellez, Carlos</subfield>
            <subfield code="u">Universidad de Zaragoza</subfield>
        </datafield>
        <datafield tag="700" ind1=" " ind2=" ">
            <subfield code="0">(orcid)0000-0003-1512-4500</subfield>
            <subfield code="a">Coronas, Joaquín</subfield>
            <subfield code="u">Universidad de Zaragoza</subfield>
        </datafield>
        <datafield tag="710" ind1="2" ind2=" ">
            <subfield code="1">5005</subfield>
            <subfield code="2">555</subfield>
            <subfield code="a">Universidad de Zaragoza</subfield>
            <subfield code="b">Dpto. Ing.Quím.Tecnol.Med.Amb.</subfield>
            <subfield code="c">Área Ingeniería Química</subfield>
        </datafield>
        <datafield tag="773" ind1=" " ind2=" ">
            <subfield code="g">582 (2019), 423-434</subfield>
            <subfield code="p">J. membr. sci.</subfield>
            <subfield code="t">Journal of Membrane Science</subfield>
            <subfield code="x">0376-7388</subfield>
        </datafield>
        <datafield tag="856" ind1="4" ind2=" ">
            <subfield code="s">1684808</subfield>
            <subfield code="u">http://zaguan.unizar.es/record/88317/files/texto_completo.pdf</subfield>
            <subfield code="y">Postprint</subfield>
        </datafield>
        <datafield tag="856" ind1="4" ind2=" ">
            <subfield code="s">277149</subfield>
            <subfield code="u">http://zaguan.unizar.es/record/88317/files/texto_completo.jpg?subformat=icon</subfield>
            <subfield code="x">icon</subfield>
            <subfield code="y">Postprint</subfield>
        </datafield>
        <datafield tag="909" ind1="C" ind2="O">
            <subfield code="o">oai:zaguan.unizar.es:88317</subfield>
            <subfield code="p">articulos</subfield>
            <subfield code="p">driver</subfield>
        </datafield>
        <datafield tag="951" ind1=" " ind2=" ">
            <subfield code="a">2021-01-26-09:31:03</subfield>
        </datafield>
        <datafield tag="980" ind1=" " ind2=" ">
            <subfield code="a">ARTICLE</subfield>
        </datafield>
    </record>

    
</collection>